000 00369nam a22001577a 4500
003 OSt
008 201117b ||||| |||| 00| 0 eng d
020 _a9789325986688
100 _aDWIVEDI, D. N.
245 _aManagerial Economics
250 _a8ed
260 _aNew Delhi
_bVikas Publishing House
_c2019
300 _a831
650 _aB.Com. Hons
942 _2ddc
_cBK
999 _c9129
_d9129